|
|
|
|
| LEADER |
00000cam a2200000 7i4500 |
| 001 |
0000004069 |
| 005 |
20021122.0 |
| 040 |
|
|
|a INS
|
| 090 |
0 |
0 |
|a HD1334.
|b L36 1982
|
| 245 |
1 |
0 |
|a Land readjustment :
|b a different approach to financing urbanization
|c edited by William A. Doebek
|
| 260 |
|
|
|a Toronto :
|b D.C. Heath and company ,
|c 1982
|
| 300 |
|
|
|a xv, 225p ;
|c 23cm.
|
| 650 |
0 |
0 |
|a Consolidation of land holdings
|
| 650 |
0 |
0 |
|a Municipal service
|x Finance
|
| 650 |
0 |
0 |
|a Urbanization
|
| 700 |
1 |
|
|a Doebele, William A.
|
| 999 |
|
|
|a 0000001521
|b BOOK
|c Open Shelf
|e Default branch
|
| 999 |
|
|
|a 0000005269
|b BOOK
|c Open Shelf
|e Default branch
|